000
00273 a2200121 4500
001
12696
090
_c
9693
_d
9693
100
_a
Prasad,D
245
_a
Introduction to Numerical Analysis, 2/e
250
_a
2
260
_a
ND
_b
Narosa Publishing House
_c
2005
300
_a
xiv, 349 p.
942
_a
NUST-CAE
999
_c
247769
_d
247769